000 00305 a2200133 4500
000 nam a22 7a 4500
100 _aStarks ,M.M
110 _aStarks ,M.M
245 _aClinical forensic Medicine
250 _alatest edition
260 _bSpringer
_c2024
264 _bSpringer
_c2024
942 _cBK
999 _c359469
_d359469